书目信息 |
| 题名: |
电子材料
|
|
| 作者: | 李言荣 主编 | |
| 分册: | ||
| 出版信息: | 北京 清华大学出版社 2020.8 |
|
| 页数: | 10,423页 | |
| 开本: | 26cm | |
| 丛书名: | ||
| 单 册: | ||
| 中图分类: | TN604 | |
| 科图分类: | ||
| 主题词: | 电子材料--教材 , 电子材料 | |
| 电子资源: | ||
| ISBN: | 978-7-302-30685-6 | |
| 000 | 00840nam0 2200253 45 | |
| 001 | 012001002270 | |
| 005 | 20140913155143.0 | |
| 010 | @a978-7-302-30685-6@dCNY76.00 | |
| 100 | @a20130423d2013 em y0chiy50 ea | |
| 101 | 0 | @achi |
| 102 | @aCN@b110000 | |
| 105 | @aa z 000yy | |
| 106 | @ar | |
| 200 | 1 | @a电子材料@Adian zi cai liao@b专著@f李言荣主编 |
| 210 | @a北京@c清华大学出版社@d2020.8 | |
| 215 | @a10,423页@c图@d26cm | |
| 300 | @a国家级精品课程教材 | |
| 330 | @a本书共13章,包括电子材料概述、材料的分析与表征、薄膜、厚膜,以及陶瓷等基本工艺、超导、导电、半导体、电阻材料、介质材料、磁性材料、光电材料、敏感材料与封装材料等内容。 | |
| 606 | 0 | @a电子材料@j教材 |
| 606 | 0 | @a电子材料 |
| 690 | @aTN604@v5 | |
| 701 | 0 | @a李言荣@Ali yan rong@f(1962 )@4主编 |
| 801 | 0 | @aCN@bBJSDL@c20211011 |
| 905 | @b1339080-3@dTN604@e102@f4 | |
| 电子材料/李言荣主编.-北京:清华大学出版社,2020.8 |
| 10,423页:图;26cm |
| 国家级精品课程教材 |
| ISBN 978-7-302-30685-6:CNY76.00 |
| 本书共13章,包括电子材料概述、材料的分析与表征、薄膜、厚膜,以及陶瓷等基本工艺、超导、导电、半导体、电阻材料、介质材料、磁性材料、光电材料、敏感材料与封装材料等内容。 |
| ● |
| 相关链接 |
|
|
|
|
正题名:电子材料
索取号:TN604/102
 
预约/预借
| 序号 | 登录号 | 条形码 | 馆藏地/架位号 | 状态 | 备注 |
| 1 | 1339080 | 213390800 | 第二样本阅览室/ [索取号:TN604/102] | 在馆 | |
| 2 | 1339081 | 213390819 | 第三借阅区/ [索取号:TN604/102] | 在馆 | |
| 3 | 1339082 | 213390828 | 第三借阅区/ [索取号:TN604/102] | 在馆 | |
| 4 | 1339083 | 213390837 | 第三借阅区/ [索取号:TN604/102] | 在馆 |